000 00532nam a2200193Ia 4500
003 GCL
008 140319s9999 xx 000 0 eng d
040 _aGCL /
_cGCL
082 0 4 _a892.76
_bN A
100 1 _aLIARDET, FRANCES
245 1 0 _aA DRIFT ON THE NILE /
_cLIARDET, FRANCES
700 1 _aNAGUIB MAHFOUZ
260 _aالقاهرة :
_bTHE AMERICAN UNIVERSITY IN CAIRO PRESS ،
_c1992
300 _a18 CM ؛
_c167 P
650 0 4 _aFICTION
650 0 4 _aEGYPT - LITERATURE
650 0 4 _aARABIC FICTION
942 _2ddc
_cBK
999 _c12591
_d12591